[Event "Reunion op 13th"]
[Site "St Denis"]
[Date "2011.10.05"]
[Round "5"]
[White "Pawlak, Roland"]
[Black "Cochard, Franck Olivier"]
[Result "0-1"]
[WhiteElo "1480"]
[BlackElo "1553"]
[PlyCount "56"]
[EventDate "2011.10.01"]
[EventType "swiss"]
[EventRounds "9"]
[EventCountry "RUF"]
[SourceTitle "EXT 2012"]
[Source "ChessBase"]
[SourceDate "2011.11.24"]
[SourceVersion "1"]
[SourceVersionDate "2011.11.24"]
[SourceQuality "1"]

1. e4 c5 2. d3 d6 3. Nf3 Nc6 4. d4 cxd4 5. Nxd4 Nf6 6. Nc3 a6 7. Bg5 e6 8. Be2 Be7 9. 0-0 0-0 10. a3 Qb6 11. Nxc6 Qxc6 12. Bf3 Qc7 13. Qd2 Rd8 14. Rad1 h6 15. Bh4 Rb8 16. g4 e5 17. Nd5 Nxd5 18. Bxe7 Nxe7 19. g5 hxg5 20. Qxg5 Bh3 21. Rfe1 Ng6 22. c3 Qe7 23. Qg3 Qh4 24. Re3 Qxg3+ 25. fxg3 Be6 26. Rf1 d5 27. h4 d4 28. Rd3 Bc4 0-1

[Event "Reunion op 11th"]
[Site "St Denis"]
[Date "2009.10.15"]
[Round "6"]
[White "Rivolo, Anne Claire"]
[Black "Pawlak, Roland"]
[Result "0-1"]
[WhiteElo "1340"]
[BlackElo "1499"]
[PlyCount "68"]
[EventDate "2009.10.10"]
[EventType "swiss"]
[EventRounds "9"]
[EventCountry "RUF"]
[SourceTitle "CBM 132 Extra"]
[Source "ChessBase"]
[SourceDate "2009.11.03"]
[SourceVersion "1"]
[SourceVersionDate "2009.11.03"]
[SourceQuality "1"]

1. e4 e5 2. Nf3 d6 3. Nc3 Nf6 4. Bc4 Bg4 5. h3 Bxf3 6. Qxf3 Nc6 7. d3 Nd4 8. Qd1 c6 9. Be3 d5 10. exd5 cxd5 11. Bb5+ Nxb5 12. Nxb5 Qa5+ 13. Nc3 d4 14. Bd2 dxc3 15. Bxc3 Qd5 16. 0-0 Bc5 17. Qe2 0-0 18. Rad1 Rfe8 19. Rfe1 Bd4 20. Qd2 Bxc3 21. Qxc3 Rac8 22. Qb4 Rxc2 23. f3 Rec8 24. Rc1 Qxd3 25. Red1 Qe3+ 26. Kh1 Rxc1 27. Rxc1 Rxc1+ 28. Kh2 Qg1+ 29. Kg3 Nh5+ 30. Kg4 g6 31. Qe4 Nf6+ 32. Kg3 Nxe4+ 33. Kg4 Qxg2+ 34. Kh4 Qg3# 0-1